000 01698nam a2200493 a 4500
005 20240829171949.0
008 100706e2016||||es a f |||| 00| 0 spa d
020 _a9788416004966
041 _aspa
092 _c611.018
_l65
_sPAW
100 1 _aPawlina, Wojciech
_917
245 _aRoss. Histología. Texto y atlas.
_bCorrelación con biología molecular y celular /
_cWojciech Pawlina
250 _a7a ed.
_bTraducción Alejo Alday.
260 _aBarcelona:
_bWolters Kluwer;
_c2016.
300 _a1052 p.
500 _aPawlina, W. (2016). Ross. Histología. Texto y atlas color. Correlación con biología molecular y celular. (7a ed.). Barcelona : Wolters Kluwer.
590 _aCompra UNComahue, Julio 2019.
653 _aTécnicas
653 _aCitoplasma celular
653 _aNúcleo celular
653 _aTejidos: concepto y clasificación
653 _aTejido epitelial
653 _aTejido conjuntivo
653 _aTejido cartilaginoso
653 _aTejido óseo
653 _aTejido adiposo
653 _aTejido sanguineo
653 _aTejido muscular
653 _aTejido nervioso
653 _aAparato cardiovascular
653 _aSistema linfático
653 _aSistema tegumentario
653 _aSistema digestivo I: cavidad oral y estructuras asociadas
653 _aSistema digestivo II: esófago y tubo digestivo
653 _aAparato digestivo III: higado, vesícula biliar y páncreas
653 _aSistema respiratorio
653 _aSistema urinario
653 _aOrganos endocrinos
653 _aSistema genital masculino
653 _aSistema genital femenino
653 _aOjo
653 _aOído
942 _2ddc
_cBK
_05
999 _c3016
_d3016